000 00642nam a2200217 a 4500
001 12909
003 BD-JhCC
005 20230603194350.0
008 230603s2021 b |||| |||| 000 0 be d
020 _a9789849602125
035 _a(BD-JhCC)12909
040 _aBD-JhCC
_dBD-JhCC
041 _aben
082 _a891.44
_bISL 2021
100 _aইসলাম, মনোয়ারুল
245 _aচরকি /
_cমনোয়ারুল ইসলাম
260 _aঢাকা :
_bনালন্দা,
_c২০২১
300 _a১৫৮ পৃ. :
_c২০ সেমি.
650 _aBenglai Ficiton
942 _2ddc
_cBK
999 _c12909
_d12909